| 000 | 00724nam a2200229 i 4500 | ||
|---|---|---|---|
| 001 | 149300 | ||
| 003 | ES-MaACL | ||
| 005 | 20230906203031.0 | ||
| 007 | t| | ||
| 008 | 071019s1961 sp ||||1| spa d | ||
| 100 | 1 |
_aPire, Dominique. _992341 |
|
| 245 | 1 | 0 |
_aConversaciones y recuerdos del R.P. Dominique Pire / _cHughes Vehenne ; traducción del francés por Amando Lázaro Ros. |
| 260 |
_aMadrid : _bAguilar, _c1961. |
||
| 300 |
_a244 p., 5 lám. ; _c20 cm. |
||
| 490 | 1 | _aColección literaria | |
| 600 | 1 | 4 |
_aPire, Dominique. _992341 |
| 700 | 1 |
_aVehenne, Hughes. _9113655 |
|
| 700 | 1 |
_aLázaro Ros, Amando. _970807 |
|
| 830 | 1 |
_aColección literaria _9179831 |
|
| 852 |
_aES-MaACL _jF-8698 |
||
| 999 |
_c149300 _d149300 |
||